Textbook of Preuniversity Physics (Record no. 227279)
[ view plain ]
| 000 -LEADER | |
|---|---|
| fixed length control field | 00486nam a22001817a 4500 |
| 005 - DATE AND TIME OF LATEST TRANSACTION | |
| control field | 20230428094351.0 |
| 008 - FIXED-LENGTH DATA ELEMENTS--GENERAL INFORMATION | |
| fixed length control field | 230428b ||||| |||| 00| 0 eng d |
| 040 ## - CATALOGING SOURCE | |
| Transcribing agency | AL |
| 041 ## - LANGUAGE CODE | |
| Language code of text/sound track or separate title | English |
| 082 ## - DEWEY DECIMAL CLASSIFICATION NUMBER | |
| Edition number | 23 |
| Classification number | 531/162 |
| Item number | RAOT |
| 100 ## - MAIN ENTRY--PERSONAL NAME | |
| Personal name | M A Ramachandra Rao |
| 100 ## - MAIN ENTRY--PERSONAL NAME | |
| 9 (RLIN) | 94504 |
| 245 ## - TITLE STATEMENT | |
| Title | Textbook of Preuniversity Physics |
| 260 ## - PUBLICATION, DISTRIBUTION, ETC. | |
| Place of publication, distribution, etc. | Mysore |
| Name of publisher, distributor, etc. | Geetha Book House |
| Date of publication, distribution, etc. | 1984 |
| 440 ## - SERIES STATEMENT/ADDED ENTRY--TITLE | |
| Title | Vol I |
| 9 (RLIN) | 94505 |
| 650 ## - SUBJECT ADDED ENTRY--TOPICAL TERM | |
| Topical term or geographic name entry element | Physics |
| 9 (RLIN) | 94506 |
| 700 ## - ADDED ENTRY--PERSONAL NAME | |
| Personal name | RAO (Ramachandra M A) |
| 9 (RLIN) | 94507 |
| 942 ## - ADDED ENTRY ELEMENTS (KOHA) | |
| Source of classification or shelving scheme | Dewey Decimal Classification |
| Koha item type | Special Grants |
| Withdrawn status | Lost status | Source of classification or shelving scheme | Damaged status | Not for loan | Collection code | Home library | Current library | Shelving location | Date acquired | Total Checkouts | Full call number | Barcode | Date last seen | Price effective from | Koha item type |
|---|---|---|---|---|---|---|---|---|---|---|---|---|---|---|---|
| Discarded | Dewey Decimal Classification | Physics | St Aloysius Library | St Aloysius Library | UGC Book Bank | 04/28/2023 | 531/162 RAOT | SG02603 | 04/28/2023 | 04/28/2023 | Special Grants | ||||
| Discarded | Dewey Decimal Classification | Physics | St Aloysius Library | St Aloysius Library | UGC Book Bank | 04/28/2023 | 531/164 RAOT | SG02605 | 04/28/2023 | 04/28/2023 | Special Grants | ||||
| Discarded | Dewey Decimal Classification | Physics | St Aloysius Library | St Aloysius Library | UGC Book Bank | 04/28/2023 | 531/161 RAOT | SG02602 | 05/11/2023 | 04/28/2023 | Special Grants | ||||
| Discarded | Dewey Decimal Classification | Physics | St Aloysius Library | St Aloysius Library | UGC Book Bank | 04/28/2023 | 531/160 RAOT | SG02601 | 05/16/2023 | 04/28/2023 | Special Grants |